00497nam a2200181 4500010001100000035001100011037001800022040001200040082001900052100002400071245005700095250001100152260003800163270005600201300003300257650000900290650001600299 a909703 a909703 bCen Lib / Ret aDPLbEN a347.70954bSET aSethna, Jehangir M. aSethna's indian compnay law /cby Jehangir M. Sethna b8th ed aBombay bLakhani Book Depotc1978 aNext to Portuguese Church, GirgaonbBombay e400004 a(v 1. lii, 1374p.)b27cm(hb) aLaw  aCompany Law